Sovětská tragédie dějiny socializmu v Rusku v letech 1917-1991

Gespeichert in:
Bibliographische Detailangaben
1. Verfasser: Malia, Martin
Format: Buch
Sprache:Tschechisch
Veröffentlicht: Praha Argo 2004
Schriftenreihe:Dějiny Evropy
Schlagworte:
Tags: Tag hinzufügen
Keine Tags, Fügen Sie das erste Tag hinzu!

MARC

LEADER 00000nam$a2200000$$$4500
001 0020718
005 20221207102805.2
020 |a 80-7203-566-5 
041 0 |a cze 
044 |a CZ 
245 1 0 |a Sovětská tragédie  |b dějiny socializmu v Rusku v letech 1917-1991  |c Martin Malia 
264 1 |a Praha  |b Argo  |c 2004 
300 |a 566 s. 
490 1 |a Dějiny Evropy 
830 0 |a Dějiny Evropy 
610 2 0 |a Rusko 
610 2 0 |a ZSSR 
610 2 0 |a dejiny 
610 2 0 |a socializmus 
610 2 0 |a Európa 
610 2 0 |a komunizmus 
610 2 0 |a história 
610 2 0 |a 1917-1991 
100 1 |a Malia, Martin